00441nam a2200133 a 45000010005000000030005000050050017000100080041000270400020000681000032000882450095001202600073002153000019002881395CDMR20130116135210.0130130s1983||||||||||||||||||||||||||||d aCDMRbcatcCDMR1 aAlberch i Fugueras, Ramón10aGuia inventari de l'arxiu històric de l'ajuntament de GironacRamón Alberch i Fugueras aGironac1983bAjuntament de Girona. Servei Municipal de Publicacions a274 p ;c21 cm